[Event "Milan Carnevale op-B 6th"]
[Site "Milan"]
[Date "2015.02.22"]
[Round "6"]
[White "Zecchini, Diego"]
[Black "Vece, Luigi"]
[Result "1-0"]
[WhiteElo "1530"]
[BlackElo "1614"]
[PlyCount "111"]
[EventDate "2015.02.18"]
[EventType "swiss"]
[EventRounds "6"]
[EventCountry "ITA"]
[SourceTitle "EXT 2017"]
[Source "ChessBase"]
[SourceDate "2016.10.25"]
[SourceVersion "1"]
[SourceVersionDate "2016.10.25"]
[SourceQuality "1"]

1. d4 Nf6 2. c4 e6 3. Nc3 Bb4 4. Qc2 0-0 5. Nf3 c5 6. dxc5 Bxc5 7. e3 Nc6 8. a3 d5 9. cxd5 Nxd5 10. Nxd5 Qxd5 11. Be2 e5 12. 0-0 Be7 13. Rd1 Qe6 14. Bc4 Qf6 15. e4 h6 16. b4 Bg4 17. Be2 Rac8 18. Qd2 Bxf3 19. Bxf3 Nd4 20. Qd3 Rfd8 21. Bb2 Qf4 22. Bxd4 Rxd4 23. Qe2 Rcd8 24. Rxd4 Rxd4 25. Rd1 Rxd1+ 26. Qxd1 a5 27. g3 Qg5 28. bxa5 Bxa3 29. Qb3 Qc1+ 30. Kg2 Bc5 31. Qxb7 Qc2 32. Qc8+ Kh7 33. Qf5+ Kg8 34. Bh5 g6 35. Bxg6 fxg6 36. Qxg6+ Kf8 37. Qxh6+ Ke7 38. Qg7+ Ke6 39. Qg6+ Kd7 40. Qf7+ Kc6 41. Qe8+ Kb7 42. Qxe5 Qxf2+ 43. Kh3 Ka6 44. Qf5 Qe3 45. Qf4 Qe2 46. Qg4 Qb5 47. e5 Kxa5 48. e6 Qf1+ 49. Kh4 Be7+ 50. Kh5 Qb1 51. Qg6 Qb5+ 52. Kh6 Qf1 53. g4 Qf4+ 54. Kh7 Ka6 55. h4 Bxh4 56. e7+ 1-0